01302nam a22002777a 4500003000900000005001700009008003200026020001500058040002500073100002300098245009200121260008500213300003100298490009600329490003200425500006800457500002500525590002900550830010500579830004100684910000800725942001400733952011000747952015000857999001701007DO-SdBNP20210602111637.0201119b 2004 dr 00| 0 eng d a9993477699 aDO-SdBNPbspacBNPHU1 aSoto, Delta97732510aVivencias de una revolucionaria /cDelta Bohemia Soto ; presentación de Carmen Duran. aSanto Domingo, República Dominicana : bEditora Universitaria -- UASD, c2004. a125 p. : bil. ; c21 cm. 1 aPublicaciones de la Universidad Autónoma de Santo Domingo, Universidad Autónoma; v11881 aLiteratura y sociedad; v50 aIncluye datos biográficos de la autora en la contracubierta. a466 aniversario UASD aInventariado, 2020 /LP  0aPublicaciones de la Universidad Autónoma de Santo Domingo, Universidad Autónoma; no. 1188977326 0aLiteratura y sociedad, no. 50977327 aL/P 2ddccLBS1 00102ddc51718MOaBNPHUbPDcHDd2020-11-19eDonado Irma Rodríguezl0r2020-11-19w2020-11-19yLBS1 00102ddc51728MOaBNPHUbPDcHDd2021-06-02edonado por CERTVl0oBNPHU PD XXXp2021-1905r2021-06-02te.2w2021-06-02yLBS1zdonado por CERTV c49159d49159